Notice sur la Colonie Agricole de Mettray. (Record no. 160772)

MARC details
000 -LEADER
campo de control de longitud fija 01239nam a2200265 i 4500
001 - NÚMERO DE CONTROL
campo de control 160772
003 - IDENTIFICADOR DE NÚMERO DE CONTROL
campo de control ES-MaACL
005 - FECHA Y HORA DE LA ÚLTIMA TRANSACCIÓN
campo de control 20251003165202.0
008 - DATOS DE LONGITUD FIJA--INFORMACIÓN GENERAL
campo de control de longitud fija 040719s1861 fr f |||| | fre d
245 00 - MENCIÓN DEL TÍTULO
Título Notice sur la Colonie Agricole de Mettray.
260 ## - PUBLICACIÓN, DISTRIBUCIÓN, ETC.
Lugar de publicación, distribución, etc. Tours :
Nombre del editor, distribuidor, etc. [s.n.,
Fecha de publicación, distribución, etc. 1861?] (
Fabricante Imp. Ladevèze)
300 ## - DESCRIPCIÓN FÍSICA
Extensión 15 p., [1] h. de lám. ;
Dimensiones 21 cm.
594 ## - Nota al título y mención de responsabilidad
Nota al título y mención de responsabilidad Texto firmado por Demetz.
594 ## - Nota al título y mención de responsabilidad
Nota al título y mención de responsabilidad Ejemp. sin port., datos tomados del texto y de la Biblioteca Nacional de Francia.
596 ## - NOTA AL PIE DE IMPRENTA
NOTA AL PIE DE IMPRENTA En p. 10 consta 1856.
599 ## - NOTA A LAS ILUSTRACIONES
NOTA A LAS ILUSTRACIONES La h. de lám., representación de la Colonie Agricole de Mettray.
610 24 - PUNTO DE ACCESO ADICIONAL DE MATERIA--NOMBRE DE ENTIDAD CORPORATIVA
Nombre de entidad corporativa o nombre de jurisdicción como elemento de entrada Colonie agricole et pénitentiaire de Mettray.
9 (RLIN) 167004
650 #4 - PUNTO DE ACCESO ADICIONAL DE MATERIA--TÉRMINO DE MATERIA
Término de materia o nombre geográfico como elemento de entrada Reformatorios-
Subdivisión geográfica Francia.
9 (RLIN) 167005
700 1# - ENTRADA AGREGADA--NOMBRE PERSONAL
Nombre de persona Demetz, Frédéric Auguste,
Fechas asociadas al nombre 1796-1873
9 (RLIN) 148483
852 ## - LOCALIZACIÓN
Ubicación ES-MaACL
Número de control de estantería D-237(4)
itemnumber 166794
Sublocalización o colección R.M.214/4
Ubicación en estantería Sala Valle Inclán
Signatura antigua Olim: 193-F-11
Marcas de propiedad Sello en tinta en la portada de la primera obra: "Donativo del Sr. Lastres al Ateneo de Madrid 1907"
Donativo/Legado Donación: Francisco Lastres y Juiz
Encuadernación Encuadernado con otras obras formando un volumen facticioi
903 ## - NOMBRE PERSONAL DE DONANTE
a Lastres y Juiz, Francisco,
d 1848-1918
q 1
e Donante
9 70504
942 ## - ELEMENTOS DE ENTRADA SECUNDARIOS (KOHA)
Fuente del sistema de clasificación o colocación Clasificación decimal universal
Tipo de ítem Koha Folleto
Holdings
Estatus retirado Estado de pérdida Fuente del sistema de clasificación o colocación Estado de daño No para préstamo Colección Biblioteca de origen Biblioteca actual Ubicación en estantería Fecha de adquisición Fuente de adquisición Total de préstamos Signatura topográfica completa Código de barras Visto por última vez Precio de reemplazo Tipo de ítem Koha
    Clasificación decimal universal     Colección de folletos Biblioteca del Ateneo de Madrid Biblioteca del Ateneo de Madrid Sala Valle Inclán 17/01/2008 Donación   D-237(4) 901168359 23/02/2023 23/02/2023 Folleto